Science Quiz

Random Science or Animal Quiz
Score 0/25 Timer 06:00
0 Plays Today
% Correct
Pembroke Welsh Corgi
94.1%
Pug
89.1%
German Shepherd
83.2%
Siberian Husky
80.6%
Bulldog
79.6%
Greyhound
78.2%
Dachshund
72.5%
Great Dane
72%
Boxer
61.8%
French Bulldog
60.3%
Chihuahua
56.2%
Pomeranian
53.8%
Rough Collie
52%
% Correct
Boston Terrier
47%
Australian Shepherd
46.3%
Bichon Frise
41%
Newfoundland
40.1%
Shiba Inu
35.8%
Cavalier King Charles Spaniel
30.5%
West Highland White Terrier
28.3%
Miniature Pinscher
24.9%
Rhodesian Ridgeback
24.2%
American Eskimo
16.6%
Basenji
12.4%
Norwich Terrier
6.4%
Come Together.
Have Fun.
All Virtual.
We all need to come together. Play Sporcle's virtual live trivia to have fun, connect with people, and get your trivia on. Join a live hosted trivia game for your favorite pub trivia experience done virtually. If a virtual private party is more your thing, go here for details.

You're not logged in!

Compare scores with friends on all Sporcle quizzes.
OR
Log In

Sporcle TV

Today on Sporcle TV


Watch our educational content, quiz creation guides, and fun videos on Sporcle TV.

Show Comments

Extras

Top Quizzes Today


Score Distribution

Paid Content

Your Account Isn't Verified!

In order to create a playlist on Sporcle, you need to verify the email address you used during registration. Go to your Sporcle Settings to finish the process.

Report this User

Report this user for behavior that violates our Community Guidelines.

Details: